Commercial property parachute opens (Record no. 70048)

MARC details
000 -LEADER
fixed length control field 01044cam a2200229 4500
001 - CONTROL NUMBER
control field WB3815-07
008 - FIXED-LENGTH DATA ELEMENTS--GENERAL INFORMATION
fixed length control field 020423n2002 000 0 eng u
035 ## - SYSTEM CONTROL NUMBER
System control number (Sirsi) u117644
245 ## - TITLE STATEMENT
Title Commercial property parachute opens
260 ## - PUBLICATION, DISTRIBUTION, ETC.
Date of publication, distribution, etc. 2002
490 ## - SERIES STATEMENT
Series statement RICS Press Release
Volume/sequential designation (pr042) 23 April 2002 (2)
520 ## - SUMMARY, ETC.
Summary, etc. The latest RICS commercial property market survey, for 1Q 2002, shows that business confidence recovered from post September 11. Although 21% of surveyors reported a fall in business property sales and lettings over the 1Q 2002, 16% reported a rise. RICS Commercial property survey first quarter 2002 http://www.rics.org/ricscms/bin/show?class=PressRelease&template=/includes/showpr.html&id=721
590 ## - LOCAL NOTE (RLIN)
Local note WB
650 ## - SUBJECT ADDED ENTRY--TOPICAL TERM
Topical term or geographic name entry element RICS COMMERCIAL PROPERTY SURVEY
650 ## - SUBJECT ADDED ENTRY--TOPICAL TERM
Topical term or geographic name entry element LETTINGS
650 ## - SUBJECT ADDED ENTRY--TOPICAL TERM
Topical term or geographic name entry element PROPERTY SALES
650 ## - SUBJECT ADDED ENTRY--TOPICAL TERM
Topical term or geographic name entry element PROPERTY-COMMERCIAL PROPERTY-COMMERCIAL PROPERTY MARKET
650 ## - SUBJECT ADDED ENTRY--TOPICAL TERM
Topical term or geographic name entry element TENANTS
650 ## - SUBJECT ADDED ENTRY--TOPICAL TERM
Topical term or geographic name entry element LANDLORDS
690 ## - LOCAL SUBJECT ADDED ENTRY--TOPICAL TERM (OCLC, RLIN)
Topical term or geographic name as entry element PROPERTY-COMMERCIAL PROPERTY-COMMERCIAL PROPERTY MARKET
942 ## - ADDED ENTRY ELEMENTS (KOHA)
Suppress in OPAC 0
Holdings
Withdrawn status Lost status Source of classification or shelving scheme Damaged status Not for loan Home library Current library Shelving location Date acquired Total Checkouts Full call number Barcode Date last seen Copy number Price effective from Koha item type
    Dewey Decimal Classification     London London News article 23/04/2002   WB3815-07 117644-1001 06/08/2019 1 06/08/2019 News article